000 00709nam a22002297a 4500
008 240702b mp ||||| |||| 00| 0 mon d
020 _a978-99973-1-843-5
035 _a27651
040 _aZA2481090
_bmon
_cMN-UlNLM
_dMN-UlNLM
_erda
041 _amon
042 _a59156
084 _2NNA
_a84/5мон/-44
_bН-282
100 _aНанжид Б., Энх-Оюун Б.
245 0 _aСарны үлгэр
264 _aУлаанбаатар
_bМонсудар ХГ
_c2020
300 _a32х.
336 _2rdacontent
_atext
_btxt
337 _2rdamedia
_aunmediated
_bn
338 _2rdacarrier
_avolume
_bnc
942 _2NNA
_cBK
999 _c1095314
_d1095371